La reforma educativa en el Paraguay /
Guardado en:
| Hovedforfatter: | |
|---|---|
| Format: | Texto |
| Tags: |
Tilføj Tag
Ingen Tags, Vær først til at tagge denne postø!
|
MARC
| LEADER | 00000 a a2200000 04500 | ||
|---|---|---|---|
| 001 | 48130 | ||
| 003 | |||
| 040 | |||
| 090 | |a REV1291 (40) 2000 | ||
| 100 | |a Rivarola, Domingo M. | ||
| 245 | |a La reforma educativa en el Paraguay / |c Domingo M. Rivarola | ||
| 773 | |g número40, (2000), 31 páginas | ||
| 999 | |c 27880 |d 27880 | ||
